| 000 | 00862nam a22002177a 4500 | ||
|---|---|---|---|
| 005 | 20171129104510.0 | ||
| 010 | _aUR-9854 | ||
| 020 | 6 | _c20.00 | |
| 035 | _aU-8409 | ||
| 037 | _bDBAD/PUB | ||
| 082 | _a305.4 | ||
| 100 | _aما عیل خیر آ با د ی | ||
| 245 |
_a خا تو ن جنت _cما عیل خیر آ با د ی |
||
| 246 |
_b _aKhatoon-e-Jannat |
||
| 250 | _aby Ma'el Khairabadi | ||
| 260 |
_a نئی د لی _bMerkazi Maktaba Islami Publishers _c2015 |
||
| 270 |
_aD307,Dawat Nagar,Abul Fazal Enclave,Jamia Nagar , _b New Delhi _e110025 _k01126971652 _l- |
||
| 300 |
_a56ص _c22 Cm.(B.b) |
||
| 500 | _aدو حصہ | ||
| 942 |
_2ddc _cUR _h305.4 _mم ا ع _e |
||
| 999 |
_c146974 _d146974 |
||